PHOTOGRAPHY MADE SIMPLE (क.क्र.8/2) (Record no. 370076)

MARC details
000 -LEADER
fixed length control field 00447nam a2200145Ia 4500
008 - FIXED-LENGTH DATA ELEMENTS--GENERAL INFORMATION
fixed length control field 100122s9999 xx 000 0 und d
082 ## - DEWEY DECIMAL CLASSIFICATION NUMBER
Item number 32206
Classification number 770.2
100 ## - MAIN ENTRY--PERSONAL NAME
Personal name BOWSKILL D
245 ## - TITLE STATEMENT
Title PHOTOGRAPHY MADE SIMPLE (क.क्र.8/2)
260 ## - PUBLICATION, DISTRIBUTION, ETC. (IMPRINT)
Name of publisher, distributor, etc WILLAM COLLINS SONS & COMPANY LIMITED
Date of publication, distribution, etc 1975
300 ## - PHYSICAL DESCRIPTION
Extent 253
630 ## - SUBJECT ADDED ENTRY--UNIFORM TITLE
Uniform title PHOTOGRAPHY MADE SIMPLE (क.क्र.8/2)
730 ## - ADDED ENTRY--UNIFORM TITLE
Uniform title PHOTOGRAPHY MADE SIMPLE (क.क्र.8/2)
942 ## - ADDED ENTRY ELEMENTS (KOHA)
Koha item type Book
Holdings
Withdrawn status Lost status Damaged status Not for loan Home library Current library Date acquired Cost, normal purchase price Total Checkouts Full call number Barcode Date last seen Cost, replacement price Price effective from Koha item type Public note
        S.V. Pathak Library, Vile Parle S.V. Pathak Library, Vile Parle 03/19/1982 40.00   32206 SVPPARLE-32206 01/25/2010 40.00 01/25/2010 Book ", , General, NA"